00256nam a22000977a 4500082001400000100001900014245003800033260003600071300001500107500003600122 a667.6 WER aWerner, A.E.A. aThe Royal Institute of Chemistry/ aLondon:bRussell Square,c1952. a15p:bill, aLecture, Monographs and Report